000
00282nam a2200109Ia 4500
008
231107s1967 xx 000 0 und d
041
_a
eng
082
_a
747.0
100
_a
Rutt,Anna Hong
245
_a
Home Furniture 2nd Edn
260
_a
New Delhi
_b
Wiley Eastern Private Ltd.
_c
1967
999
_c
922001
_d
922001